000
00332nam a22001457a 4500
003
SGT
082
_a
616.89
_b
E15R
100
_a
RADCLIFFE, MATTHEW
245
_a
EXPERIENCES OF DEPRESSION : A STUDY IN PHENOMENOLOGY
260
_a
UK
_b
OXFORD PRESS
300
_a
2015
490
_a
318
650
_a
PSYCHOLOGY
942
_2
ddc
_c
BK
999
_c
10497
_d
10497